|
|
|
|
| LEADER |
01117nam a2200253 a 4500 |
| 001 |
11509208 |
| 008 |
091227s1998bg fr p s 0 0eng d |
| 010 |
|
|
|a 99932792
|
| 040 |
|
|
|a DLC
|c DLC
|d DLC
|d OCoLC
|d BD-DhAAL
|
| 082 |
0 |
0 |
|a 332.095492
|2 21
|
| 245 |
0 |
0 |
|a Selected information on microfinance in Bangladesh.
|
| 246 |
1 |
4 |
|a CDF statistics
|
| 260 |
|
|
|a Dhaka :
|b Credit and Development Forum,
|c 1998
|
| 300 |
|
|
|a 103 p. :
|b ill. ;
|c 14 x 23 cm.
|
| 310 |
|
|
|a Semiannual
|
| 500 |
|
|
|a Description based on: Vol. 5 (Dec. 1997).
|
| 541 |
1 |
|
|e 00006325
|
| 650 |
|
0 |
|a Microfinance
|z Bangladesh
|v Periodicals.
|
| 650 |
|
0 |
|a Microfinance
|z Bangladesh
|v Statistics.
|
| 710 |
2 |
|
|a Credit and Development Forum (Bangladesh)
|
| 852 |
4 |
|
|a Ayesha Abed Library
|j General shelf
|
| 999 |
|
|
|c 6462
|d 6462
|
| 952 |
|
|
|0 0
|1 0
|2 ddc
|4 0
|6 332_095492000000000_SEL_1998
|7 0
|9 6549
|a BRACUL
|b BRACUL
|c GEN
|d 2009-12-27
|g 80.00
|l 0
|o 332.095492 SEL
|p 3010006325
|r 2009-12-27
|t 1
|w 2009-12-27
|y BK
|
| 952 |
|
|
|0 0
|1 0
|2 ddc
|4 0
|6 332_095492000000000_SEL_1998
|7 0
|9 6649
|a BRACUL
|b BRACUL
|c GEN
|d 2009-12-31
|g 80.00
|l 1
|o 332.095492 SEL
|p 3010006417
|r 2011-06-15
|s 2011-06-15
|t 2
|w 2009-12-31
|y BK
|